| 000 | 01465cam a2200217 4500 | ||
|---|---|---|---|
| 001 | ABS65114 | ||
| 008 | 020227n2002 000 0 eng u | ||
| 035 | _a(Sirsi) u116875 | ||
| 100 | _aOwen, R. | ||
| 245 | _aStep by step guide to power | ||
| 260 | _c2002 | ||
| 490 |
_aPlanning (for the Natural and Built Environment) _v(1453) 11 January 2002, 17(1) |
||
| 520 | _aThe DTLR commissioned Drivers Jonas to produce the "Compulsory Purchase Procedure Manual" (Stationery Office +44 (0)870 600 5522)offering guidance on 25 compulsory purchase powers including planning, regeneration highways, housing and the establishment of country parks. Driver Jonas has also produced a series of five booklets to replace existing guidance which acquiring authorities provide to those affected. "Compulsory purchase procedure", "Compensation to business owners and occupiers", "Agricultural owners and occupiers" "Residential owners" and Reducing the adverse effects" (Available from DTLR Free Literature T +44(0)879 122 6236. The DTLR has "Compulsory purchase and compensation: the Government's proposals for changes" out for consultation until 27 March and further proposals are awaited from the Law Commission. | ||
| 590 | _aABS | ||
| 650 |
_aCompulsory purchase _96228 |
||
| 650 | _aGUIDANCE | ||
| 650 | _aCPOS | ||
| 690 | _aENVIRONMENTAL AND LAND CONSULTANCY-PLANNING AND DEVELOPMENT-COMPULSORY PURCHASE AND COMPENSATION | ||
| 700 | _aTaylor, N. | ||
| 942 | _n0 | ||
| 999 |
_c69612 _d69612 |
||